[Event "Victoria Taylor Memorial"]
[Site "Victoria"]
[Date "2018.10.28"]
[Round "4"]
[White "Leblanc, Paul"]
[Black "Kaufman, Raymond"]
[Result "0-1"]
[WhiteElo "1863"]
[BlackElo "2342"]
[PlyCount "66"]
[EventDate "2018.10.26"]
[EventType "swiss"]
[EventRounds "5"]
[EventCountry "CAN"]
[SourceTitle "EXT 2022"]
[Source "ChessBase"]
[SourceDate "2021.10.06"]
[SourceVersion "1"]
[SourceVersionDate "2021.10.06"]
[SourceQuality "1"]

1. d4 Nf6 2. c4 e6 3. Nf3 b6 4. a3 Ba6 5. Qc2 c5 6. dxc5 bxc5 7. Bg5 Bb7 8. Nc3 Be7 9. e4 Nc6 10. Bd3 Ng4 11. Bf4 d6 12. 0-0 0-0 13. Rad1 Nge5 14. Nxe5 dxe5 15. Bg3 f6 16. Ne2 Qb6 17. f4 exf4 18. Bxf4 Rad8 19. e5 f5 20. g4 Nb4 21. axb4 cxb4+ 22. Rf2 Bc5 23. Bg3 b3 24. Qb1 Qc6 25. Kf1 Qh1+ 26. Ng1 Bxf2 27. Bxf2 fxg4 28. Bxh7+ Kh8 29. Rxd8 Qg2+ 30. Ke2 Qxf2+ 31. Kd3 Rxd8+ 32. Kc3 Qd2+ 33. Kxb3 Be4 0-1

[Event "British Columbia-ch Senior"]
[Site "Surrey"]
[Date "2018.06.24"]
[Round "4.4"]
[White "Leblanc, Paul"]
[Black "Bince, Rolando"]
[Result "1-0"]
[WhiteElo "1800"]
[BlackElo "1965"]
[PlyCount "74"]
[EventDate "2018.06.22"]
[EventType "swiss"]
[EventRounds "5"]
[EventCountry "CAN"]
[SourceTitle "EXT 2022"]
[Source "ChessBase"]
[SourceDate "2021.10.06"]
[SourceVersion "1"]
[SourceVersionDate "2021.10.06"]
[SourceQuality "1"]

1. d4 Nf6 2. c4 e6 3. Nf3 Bb4+ 4. Bd2 Be7 5. Nc3 d5 6. g3 b6 7. Bg2 Bb7 8. 0-0 0-0 9. cxd5 exd5 10. Ne5 Nbd7 11. f4 c5 12. e3 Ne4 13. Nxe4 dxe4 14. Bc3 Nf6 15. Qe2 a5 16. Rfd1 Ba6 17. Qf2 Qc8 18. Rac1 Bb7 19. dxc5 bxc5 20. Nc4 Ng4 21. Qe1 Qe6 22. Bf1 Ba6 23. b3 Bxc4 24. Bxc4 Qh6 25. Qe2 Qg6 26. Rd7 Bf6 27. Bxf6 Nxf6 28. Rd6 Rfd8 29. Rcd1 Rxd6 30. Rxd6 Qf5 31. Kg2 h5 32. h3 Re8 33. Qd1 Re7 34. Rd8+ Kh7 35. Rd6 Rd7 36. Rxd7 Nxd7 37. g4 Qf6 1-0

[Event "Victoria Saanich inv III A"]
[Site "Victoria"]
[Date "2017.10.09"]
[Round "5.2"]
[White "Raymer, Elliot"]
[Black "Leblanc, Paul"]
[Result "1/2-1/2"]
[WhiteElo "1859"]
[BlackElo "1846"]
[PlyCount "84"]
[EventDate "2017.10.07"]
[EventType "tourn"]
[EventRounds "5"]
[EventCountry "CAN"]
[SourceTitle "EXT 2022"]
[Source "ChessBase"]
[SourceDate "2021.10.06"]
[SourceVersion "1"]
[SourceVersionDate "2021.10.06"]
[SourceQuality "1"]

1. e4 c6 2. d4 d5 3. e5 Bf5 4. Nf3 e6 5. Bd3 Bxd3 6. Qxd3 Nd7 7. 0-0 c5 8. c3 Ne7 9. Bg5 Qb6 10. Nbd2 Nc6 11. a3 Be7 12. b4 Bxg5 13. b5 Ncxe5 14. dxe5 Bxd2 15. Qxd2 Qxb5 16. Qg5 Rg8 17. Rab1 Qc6 18. Nd2 h6 19. Qh5 0-0-0 20. f4 Rdf8 21. Qe2 f5 22. Rb5 g5 23. Rfb1 b6 24. R5b2 gxf4 25. Qa6+ Qb7 26. Qa4 Rg4 27. h3 Rg3 28. Nb3 f3 29. Na5 Qa8 30. Nc6 Rxg2+ 31. Rxg2 fxg2 32. Nxa7+ Kd8 33. Qh4+ Ke8 34. Qh5+ Rf7 35. Nb5 Kf8 36. Qxh6+ Kg8 37. Nd6 Nxe5 38. Nxf7 Kxf7 39. Qh7+ Kf6 40. Qh4+ Kf7 41. Qh7+ Kf6 42. Qh4+ Kf7 1/2-1/2

[Event "Langley op"]
[Site "Langley"]
[Date "2017.09.03"]
[Round "3.1"]
[White "Doknjas, John"]
[Black "Leblanc, Paul"]
[Result "1-0"]
[WhiteElo "2270"]
[BlackElo "1872"]
[PlyCount "51"]
[EventDate "2017.09.02"]
[EventType "swiss"]
[EventRounds "6"]
[EventCountry "CAN"]
[SourceTitle "EXT 2022"]
[Source "ChessBase"]
[SourceDate "2021.10.06"]
[SourceVersion "1"]
[SourceVersionDate "2021.10.06"]
[SourceQuality "1"]

1. d4 d5 2. c4 c6 3. Nf3 Nf6 4. Qc2 e6 5. Nbd2 Nbd7 6. g3 Be7 7. Bg2 0-0 8. 0-0 b6 9. e4 dxe4 10. Nxe4 Bb7 11. Nxf6+ Bxf6 12. c5 bxc5 13. dxc5 Qe7 14. Be3 a5 15. Rfd1 a4 16. Rab1 Rfd8 17. Nd2 Be5 18. Nc4 Qe8 19. Rxd7 Rxd7 20. Nxe5 Rdd8 21. Nc4 Ra7 22. Nd6 Qe7 23. Qe4 Ba8 24. Bf1 Qc7 25. Bd3 g6 26. Qe5 1-0

[Event "Langley op"]
[Site "Langley"]
[Date "2017.09.02"]
[Round "1.8"]
[White "Gu, Stephanie"]
[Black "Leblanc, Paul"]
[Result "0-1"]
[WhiteElo "1287"]
[BlackElo "1872"]
[PlyCount "80"]
[EventDate "2017.09.02"]
[EventType "swiss"]
[EventRounds "6"]
[EventCountry "CAN"]
[SourceTitle "EXT 2022"]
[Source "ChessBase"]
[SourceDate "2021.10.06"]
[SourceVersion "1"]
[SourceVersionDate "2021.10.06"]
[SourceQuality "1"]

1. e4 c6 2. d4 d5 3. Nc3 dxe4 4. Nxe4 Nf6 5. Nxf6+ gxf6 6. Nf3 Bg4 7. Be2 Qc7 8. Be3 Nd7 9. c3 0-0-0 10. Qc2 Kb8 11. 0-0-0 e6 12. h3 Bf5 13. Bd3 Bg6 14. Rhe1 Bd6 15. Nd2 f5 16. Nc4 f4 17. Bd2 Be7 18. Bxg6 hxg6 19. Ne5 Nxe5 20. Rxe5 g5 21. Ree1 f3 22. Qe4 fxg2 23. Qxg2 Rd5 24. Re3 Ra5 25. Kb1 Qb6 26. Bc1 Qa6 27. a3 Qc4 28. Qe4 Bxa3 29. Qc2 Bd6 30. b3 Qd5 31. c4 Qg2 32. Rdd3 Rf5 33. Re2 Rf3 34. Rxf3 Qxf3 35. Bxg5 Rxh3 36. Be3 Bb4 37. Kb2 Rh1 38. Qd3 Qh5 39. Bf4+ Kc8 40. Be3 Qa5 0-1

[Event "British Columbia-ch Seniors"]
[Site "Victoria"]
[Date "2017.06.18"]
[Round "5.3"]
[White "Leblanc, Paul"]
[Black "Soliven, Joe"]
[Result "1-0"]
[WhiteElo "1662"]
[BlackElo "2009"]
[PlyCount "125"]
[EventDate "2017.06.16"]
[EventType "swiss"]
[EventRounds "5"]
[EventCountry "CAN"]
[SourceTitle "EXT 2022"]
[Source "ChessBase"]
[SourceDate "2021.10.06"]
[SourceVersion "1"]
[SourceVersionDate "2021.10.06"]
[SourceQuality "1"]

1. d4 e6 2. e4 c5 3. c3 d5 4. e5 f5 5. f4 Qd7 6. Nf3 b6 7. Bd3 Ba6 8. Bxa6 Nxa6 9. Qe2 Nc7 10. Nbd2 Rb8 11. a4 Be7 12. Nf1 Rc8 13. Ne3 Nh6 14. Bd2 0-0 15. h3 Kh8 16. 0-0 Nf7 17. g4 g6 18. g5 Nd8 19. Kf2 Nc6 20. h4 Na5 21. Rh1 Kg7 22. h5 Rh8 23. Rh3 Nb3 24. Rah1 Qxa4 25. Kg3 cxd4 26. cxd4 Nxd2 27. Qxd2 Rcg8 28. Qh2 Qe8 29. hxg6 hxg6 30. Rh7+ Rxh7 31. Qxh7+ Kf8 32. Qh6+ Kf7 33. Qh7+ Rg7 34. Qh2 Qa4 35. Rc1 Nb5 36. Rc8 Nxd4 37. Qh8 Ne2+ 38. Kf2 Nxf4 39. Rc7 Nh5 40. Nxf5 exf5 41. e6+ Kxe6 42. Qc8+ Kd6 43. Rc3 Bxg5 44. Qb8+ Ke6 45. Qe5+ Kd7 46. Qxd5+ Ke8 47. Rc8+ Ke7 48. Qd8+ Ke6 49. Nxg5+ Ke5 50. Nf3+ Ke4 51. Nd2+ Ke5 52. Nc4+ Ke4 53. Nd2+ Ke5 54. Nf3+ Ke4 55. Rc4+ Qxc4 56. Nd2+ Ke5 57. Nxc4+ Ke4 58. Qd6 f4 59. Qe5+ Kd3 60. Qd5+ Kc2 61. Qd2+ Kb3 62. Qc3+ Ka4 63. Nd6 1-0

[Event "CAN-ch Seniors 65+"]
[Site "Kitchener"]
[Date "2015.08.03"]
[Round "7"]
[White "Leblanc, Paul"]
[Black "Gregg, Alan Michael"]
[Result "1/2-1/2"]
[WhiteElo "1744"]
[BlackElo "1917"]
[PlyCount "42"]
[EventDate "2015.07.31"]
[EventType "swiss"]
[EventRounds "7"]
[EventCountry "CAN"]
[SourceTitle "EXT 2022"]
[Source "ChessBase"]
[SourceDate "2021.10.06"]
[SourceVersion "1"]
[SourceVersionDate "2021.10.06"]
[SourceQuality "1"]

1. d4 Nf6 2. c4 e6 3. g3 d5 4. Nf3 c6 5. Bg2 Be7 6. 0-0 0-0 7. Qc2 Nbd7 8. b3 Ne4 9. Bb2 Re8 10. Nc3 Nxc3 11. Bxc3 Bf6 12. Ne5 g6 13. e4 Bg7 14. f4 Nf6 15. Rad1 Qc7 16. Bb2 dxe4 17. Bxe4 Nxe4 18. Qxe4 f6 19. Nf3 b6 20. Qc2 c5 21. dxc5 Qxc5+ 1/2-1/2

[Event "CAN-ch Seniors 65+"]
[Site "Kitchener"]
[Date "2015.08.02"]
[Round "5"]
[White "Starr, Nava"]
[Black "Leblanc, Paul"]
[Result "1-0"]
[WhiteElo "2112"]
[BlackElo "1744"]
[PlyCount "103"]
[EventDate "2015.07.31"]
[EventType "swiss"]
[EventRounds "7"]
[EventCountry "CAN"]
[SourceTitle "EXT 2022"]
[Source "ChessBase"]
[SourceDate "2021.10.06"]
[SourceVersion "1"]
[SourceVersionDate "2021.10.06"]
[SourceQuality "1"]

1. e4 c6 2. Nc3 d5 3. Qf3 dxe4 4. Nxe4 Nd7 5. Ne2 Ngf6 6. N2c3 Nxe4 7. Nxe4 Nf6 8. Nxf6+ gxf6 9. Bc4 Qd4 10. d3 Bg4 11. Qe3 Qxe3+ 12. Bxe3 Rg8 13. f3 Be6 14. Bxe6 fxe6 15. Kf2 Bg7 16. Rhe1 Kf7 17. d4 Rad8 18. c3 a6 19. Re2 e5 20. dxe5 fxe5 21. Rae1 Bf6 22. g3 h5 23. Bb6 Rd7 24. h4 Rc8 25. Bc5 Rd5 26. Be3 Rcd8 27. c4 Rd3 28. Bb6 R8d7 29. Re4 Rd2+ 30. R1e2 Rd1 31. Ba5 Ra1 32. a3 Rdd1 33. Re1 Rxe1 34. Bxe1 Rc1 35. Bc3 Rc2+ 36. Ke3 Rg2 37. Bxe5 Bxe5 38. Rxe5 Rxb2 39. Rxh5 Rb3+ 40. Kf2 Rxa3 41. Rf5+ Ke6 42. g4 Rc3 43. Rf4 a5 44. g5 Rd3 45. g6 Rd8 46. c5 Rg8 47. h5 Kd5 48. Rg4 a4 49. Rxa4 Kxc5 50. Rg4 b5 51. h6 b4 52. h7 1-0

[Event "CAN-ch Seniors 65+"]
[Site "Kitchener"]
[Date "2015.08.01"]
[Round "2"]
[White "Maheux, Pierre"]
[Black "Leblanc, Paul"]
[Result "0-1"]
[WhiteElo "1660"]
[BlackElo "1744"]
[PlyCount "98"]
[EventDate "2015.07.31"]
[EventType "swiss"]
[EventRounds "7"]
[EventCountry "CAN"]
[SourceTitle "EXT 2022"]
[Source "ChessBase"]
[SourceDate "2021.10.06"]
[SourceVersion "1"]
[SourceVersionDate "2021.10.06"]
[SourceQuality "1"]

1. e4 c6 2. d4 d5 3. Nc3 dxe4 4. Nxe4 Nf6 5. Ng3 h5 6. h4 g6 7. Nh3 Bxh3 8. Rxh3 Nbd7 9. Bf4 Nd5 10. Bd2 Qc7 11. c4 Nf4 12. Bxf4 Qxf4 13. Ne2 Qc7 14. Rf3 Bg7 15. g3 Rd8 16. Qb3 0-0 17. Rd3 e5 18. Qd1 exd4 19. Bh3 Ne5 20. Rb3 Nxc4 21. Kf1 d3 22. Nf4 Nxb2 23. Qf3 d2 24. Nxh5 d1Q+ 25. Rxd1 Rxd1+ 26. Kg2 gxh5 27. Qxh5 Qd6 28. Bf5 Qh6 29. Qxh6 Bxh6 30. Rxb2 b6 31. Rb4 Bg7 32. Rg4 Rfd8 33. h5 Kh8 34. Rh4 R1d2 35. h6 Bd4 36. Rf4 Rxf2+ 37. Rxf2 Bxf2 38. Kxf2 Rd6 39. h7 Rd2+ 40. Ke3 Rxa2 41. g4 Rh2 42. Bd7 c5 43. Ke4 Kxh7 44. Bf5+ Kg7 45. Kd5 Rh6 46. Kc4 Rf6 47. Bc8 Rf4+ 48. Kb5 Kf6 49. Ka6 c4 0-1

[Event "Canadian op U2000"]
[Site "Montreal"]
[Date "2014.07.26"]
[Round "9"]
[White "Jobin, Gilles G"]
[Black "Leblanc, Paul"]
[Result "1/2-1/2"]
[WhiteElo "1679"]
[BlackElo "1893"]
[PlyCount "89"]
[EventDate "2014.07.19"]
[EventType "swiss"]
[EventRounds "9"]
[EventCountry "CAN"]
[SourceTitle "EXT 2022"]
[Source "ChessBase"]
[SourceDate "2021.10.06"]
[SourceVersion "1"]
[SourceVersionDate "2021.10.06"]
[SourceQuality "1"]

1. d4 d5 2. Nf3 Nf6 3. e3 Bg4 4. Be2 e6 5. c4 c6 6. Ne5 Bxe2 7. Qxe2 Nbd7 8. Nxd7 Qxd7 9. Bd2 Bd6 10. Nc3 0-0 11. 0-0 Rfe8 12. c5 Bc7 13. f4 Ba5 14. Nd1 Bxd2 15. Qxd2 Ne4 16. Qc2 Qe7 17. Nf2 f5 18. Nxe4 dxe4 19. a4 a5 20. Ra3 Kf7 21. Rb3 Rg8 22. g3 g5 23. fxg5 Rxg5 24. Rf4 Rag8 25. Qxe4 Ke8 26. Qe5 Kf7 27. e4 Qd7 28. exf5 exf5 29. Qd6 Qxd6 30. cxd6 Ke6 31. Rxb7 Kxd6 32. Rxh7 Rb8 33. Ra7 Rxb2 34. Rxa5 Rh5 35. Rf2 Rxf2 36. Kxf2 Rxh2+ 37. Kf3 Rd2 38. Ke3 Rg2 39. Kf3 Rd2 40. Ke3 Rg2 41. Rxf5 Rxg3+ 42. Ke4 Rg4+ 43. Kd3 Rg1 44. Kc4 Rc1+ 45. Kd3 1/2-1/2

[Event "Victoria Grand Pacific op 8th"]
[Site "Victoria"]
[Date "2014.04.18"]
[Round "1"]
[White "Sohal, Tanraj"]
[Black "Leblanc, Paul"]
[Result "1-0"]
[WhiteElo "2355"]
[BlackElo "1913"]
[PlyCount "109"]
[EventDate "2014.04.18"]
[EventType "swiss"]
[EventRounds "6"]
[EventCountry "CAN"]
[SourceTitle "CBM 160 Extra"]
[Source "ChessBase"]
[SourceDate "2014.07.01"]
[SourceVersion "1"]
[SourceVersionDate "2014.07.01"]
[SourceQuality "1"]

1. d4 d5 2. c4 c6 3. cxd5 cxd5 4. Bf4 Nc6 5. e3 Nf6 6. Nc3 Bf5 7. Qb3 Na5 8. Bb5+ Bd7 9. Qa4 Nc6 10. Nf3 a6 11. Bxc6 Bxc6 12. Qb3 e6 13. Ne5 Bd6 14. Nxc6 bxc6 15. Bxd6 Qxd6 16. 0-0 0-0 17. Na4 Ng4 18. g3 g5 19. h3 Nh6 20. Nc5 Nf5 21. Kg2 e5 22. Qc3 e4 23. Rac1 Ne7 24. f4 h6 25. f5 f6 26. Qe1 Rf7 27. g4 h5 28. Qg3 Qxg3+ 29. Kxg3 h4+ 30. Kf2 Rff8 31. Rc3 Rfb8 32. Rb1 Kf7 33. Ra3 Rb6 34. Ra5 Rab8 35. Na4 R6b7 36. Rxa6 Rb4 37. Ke2 R4b5 38. b3 R5b7 39. Rc1 Rg8 40. Nc5 Rc7 41. b4 Rb8 42. a3 Rg8 43. a4 Rb8 44. Rb1 Rg8 45. b5 cxb5 46. axb5 Rb8 47. b6 Rc6 48. b7 Rc7 49. Ra8 Nc6 50. Rxb8 Nxb8 51. Ra1 Re7 52. Ra8 Re8 53. Ne6 Nc6 54. Rxe8 Kxe8 55. Nc7+ 1-0

[Event "US Open-113"]
[Site "Vancouver"]
[Date "2012.08.09"]
[Round "6"]
[White "Leblanc, Paul"]
[Black "Bragg, David R"]
[Result "1/2-1/2"]
[WhiteElo "1941"]
[BlackElo "2192"]
[PlyCount "44"]
[EventDate "2012.08.04"]
[EventType "swiss"]
[EventRounds "9"]
[EventCountry "USA"]
[SourceTitle "CBM 149 Extra"]
[Source "ChessBase"]
[SourceDate "2012.08.24"]
[SourceVersion "1"]
[SourceVersionDate "2012.08.24"]
[SourceQuality "1"]

1. d4 Nf6 2. c4 g6 3. Nf3 Bg7 4. g3 0-0 5. Bg2 b6 6. 0-0 Bb7 7. Nc3 c5 8. d5 a6 9. Qc2 b5 10. Nd2 d6 11. Rb1 b4 12. Nce4 Bc8 13. Nxf6+ exf6 14. b3 Re8 15. e4 a5 16. Bb2 a4 17. Rfe1 Nd7 18. f4 a3 19. Ba1 Qe7 20. Nf3 Ra7 21. Bh3 Ne5 22. Bg2 Nxf3+ 1/2-1/2

[Event "CAN-ch op 49th"]
[Site "Victoria"]
[Date "2012.07.11"]
[Round "7.39"]
[White "North, Robert"]
[Black "Leblanc, Paul"]
[Result "1-0"]
[WhiteElo "1913"]
[BlackElo "1887"]
[PlyCount "87"]
[EventDate "2012.07.08"]
[EventType "swiss"]
[EventRounds "9"]
[EventCountry "CAN"]
[SourceTitle "EXT 2022"]
[Source "ChessBase"]
[SourceDate "2021.10.06"]
[SourceVersion "1"]
[SourceVersionDate "2021.10.06"]
[SourceQuality "1"]

1. d4 d5 2. c4 c6 3. Nf3 Nf6 4. e3 a6 5. Be2 b5 6. c5 Bf5 7. Nbd2 Nbd7 8. 0-0 e6 9. b3 h6 10. Bb2 Be7 11. Ne1 0-0 12. Bd3 Qc7 13. Qc2 Bxd3 14. Nxd3 a5 15. Rae1 a4 16. b4 Rad8 17. Ne5 Nxe5 18. dxe5 Nd7 19. f4 f6 20. Nf3 fxe5 21. fxe5 Rf7 22. Nd4 Rxf1+ 23. Rxf1 Nf8 24. Qf2 Qd7 25. h4 Rc8 26. Qf7+ Kh8 27. g3 Rc7 28. Rf4 Qc8 29. Qh5 Kh7 30. Qe2 Qe8 31. h5 Rc8 32. e4 Bg5 33. Rf1 dxe4 34. Qxe4+ Kg8 35. g4 Qd7 36. Rd1 Qd5 37. Qxd5 exd5 38. Kg2 Kf7 39. Rf1+ Kg8 40. a3 Rc7 41. Rxf8+ Kxf8 42. Ne6+ Ke7 43. Nxc7 Kd7 44. Na8 1-0

[Event "CAN-ch op 49th"]
[Site "Victoria"]
[Date "2012.07.10"]
[Round "5"]
[White "Cannon, Farley"]
[Black "Leblanc, Paul"]
[Result "0-1"]
[WhiteElo "1720"]
[BlackElo "1887"]
[PlyCount "52"]
[EventDate "2012.07.08"]
[EventType "swiss"]
[EventRounds "9"]
[EventCountry "CAN"]
[SourceTitle "EXT 2022"]
[Source "ChessBase"]
[SourceDate "2021.10.06"]
[SourceVersion "1"]
[SourceVersionDate "2021.10.06"]
[SourceQuality "1"]

1. e4 c6 2. d4 g6 3. Nf3 Bg7 4. Nc3 d5 5. e5 Nh6 6. h3 0-0 7. Bg5 f6 8. Bf4 Nf7 9. Qd2 e6 10. 0-0-0 fxe5 11. dxe5 c5 12. h4 Nc6 13. Re1 h5 14. Bd3 Kh7 15. Ng5+ Nxg5 16. hxg5 Ne7 17. Rxh5+ Kg8 18. Rh2 c4 19. Bf1 Bd7 20. Rd1 b5 21. Ne4 dxe4 22. Qxd7 Qxd7 23. Rxd7 Rxf4 24. Rxe7 Rxf2 25. Rh1 Raf8 26. Bxc4 bxc4 0-1

[Event "CAN-ch op 49th"]
[Site "Victoria"]
[Date "2012.07.08"]
[Round "2"]
[White "Leblanc, Paul"]
[Black "Hannan, Kelsey"]
[Result "1-0"]
[WhiteElo "1887"]
[BlackElo "1749"]
[PlyCount "111"]
[EventDate "2012.07.08"]
[EventType "swiss"]
[EventRounds "9"]
[EventCountry "CAN"]
[SourceTitle "EXT 2022"]
[Source "ChessBase"]
[SourceDate "2021.10.06"]
[SourceVersion "1"]
[SourceVersionDate "2021.10.06"]
[SourceQuality "1"]

1. d4 d5 2. c4 e6 3. g3 Nf6 4. Bg2 c6 5. Nf3 Be7 6. 0-0 0-0 7. b3 Nbd7 8. Nc3 c5 9. cxd5 exd5 10. Bb2 Nb6 11. Rc1 Bf5 12. dxc5 Bxc5 13. Nb5 Ne4 14. Nh4 Nxf2 15. Rxf2 Bxf2+ 16. Kxf2 Be4 17. Ba3 Qf6+ 18. Kg1 Rfc8 19. Rxc8+ Nxc8 20. Bxe4 dxe4 21. Bb2 Qb6+ 22. Qd4 Qxd4+ 23. Bxd4 Ne7 24. Nxa7 Nc6 25. Nxc6 bxc6 26. a4 g6 27. Ng2 f5 28. Kf1 Kf7 29. Ke1 Rb8 30. a5 Rxb3 31. a6 Ra3 32. a7 Ke6 33. Ne3 Ra4 34. Bc5 Kd7 35. h4 Kc7 36. Nc4 Kb7 37. Nd6+ Ka8 38. Ne8 Rxa7 39. Bxa7 Kxa7 40. h5 gxh5 41. Nf6 Kb6 42. Nxh5 Kc5 43. Ng7 Kd5 44. Nxf5 Ke5 45. Ne3 c5 46. Kd2 Kd4 47. Ng4 h5 48. e3+ Kc4 49. Nf6 Kb3 50. Nxe4 Kc4 51. Nf6 Kb3 52. e4 c4 53. Nd5 c3+ 54. Nxc3 Kc4 55. Ke3 Kc5 56. Kf4 1-0

[Event "Washington Class-ch A"]
[Site "Seattle"]
[Date "2011.11.25"]
[Round "1"]
[White "Pitre, Hanniegn G"]
[Black "Leblanc, Paul"]
[Result "1-0"]
[WhiteElo "1847"]
[BlackElo "1855"]
[PlyCount "65"]
[EventDate "2011.11.25"]
[EventType "swiss"]
[EventRounds "6"]
[EventCountry "USA"]
[SourceTitle "EXT 2017"]
[Source "ChessBase"]
[SourceDate "2016.10.25"]
[SourceVersion "1"]
[SourceVersionDate "2016.10.25"]
[SourceQuality "1"]

1. e4 c6 2. d4 d5 3. e5 g6 4. f4 h5 5. Nf3 Bg4 6. c4 e6 7. Be2 Ne7 8. Nc3 Nf5 9. cxd5 cxd5 10. 0-0 Nc6 11. Bb5 Qb6 12. Bxc6+ bxc6 13. Ne2 Be7 14. Qd3 0-0 15. b3 c5 16. h3 Bxf3 17. Rxf3 cxd4 18. g4 hxg4 19. hxg4 Nh6 20. Rg3 Kg7 21. f5 f6 22. Bxh6+ Kxh6 23. Rh3+ Kg7 24. fxg6 Rh8 25. exf6+ Bxf6 26. Rxh8 Rxh8 27. Nf4 e5 28. Nh5+ Kg8 29. Qf5 d3+ 30. Kg2 Rxh5 31. gxh5 Qd4 32. Rf1 e4 33. h6 1-0

[Event "Victoria Grand Pacific op 5th"]
[Site "Victoria"]
[Date "2011.04.23"]
[Round "3"]
[White "Leblanc, Paul"]
[Black "Moore, Harry"]
[Result "0-1"]
[WhiteElo "1953"]
[BlackElo "2278"]
[PlyCount "80"]
[EventDate "2011.04.22"]
[EventType "swiss"]
[EventRounds "6"]
[EventCountry "CAN"]
[SourceTitle "EXT 2014"]
[Source "ChessBase"]
[SourceDate "2013.11.20"]
[SourceVersion "1"]
[SourceVersionDate "2013.11.20"]
[SourceQuality "1"]

1. d4 Nf6 2. c4 c5 3. d5 e6 4. Nc3 exd5 5. cxd5 d6 6. e4 g6 7. Nf3 Bg7 8. Bd3 0-0 9. 0-0 Bg4 10. h3 Bxf3 11. Qxf3 Nbd7 12. Bf4 Qe7 13. Qg3 Ne8 14. Rfe1 Ne5 15. Bc2 a6 16. a4 Rd8 17. Rad1 Nc7 18. Bg5 f6 19. Bf4 b5 20. Bxe5 fxe5 21. axb5 axb5 22. Ra1 b4 23. Ne2 Nb5 24. Ra6 c4 25. Ra4 b3 26. Bb1 Rc8 27. Rc1 c3 28. bxc3 Bh6 29. Rd1 Bg5 30. Qd3 Qb7 31. Rb4 Qa7 32. Rxb5 Rxf2 33. Kh1 Rcf8 34. c4 Rf1+ 35. Kh2 Bf4+ 36. Nxf4 Qg1+ 37. Kg3 exf4+ 38. Kh4 Qf2+ 39. g3 Rxd1 40. Qxb3 Rxb1 0-1

[Event "Victoria op 4th"]
[Site "Victoria"]
[Date "2010.04.05"]
[Round "6"]
[White "Stewart, Deron"]
[Black "Leblanc, Paul"]
[Result "1/2-1/2"]
[WhiteElo "1624"]
[BlackElo "1877"]
[PlyCount "112"]
[EventDate "2010.04.02"]
[EventType "swiss"]
[EventRounds "6"]
[EventCountry "CAN"]
[SourceTitle "CBM 135 Extra"]
[Source "ChessBase"]
[SourceDate "2010.05.04"]
[SourceVersion "1"]
[SourceVersionDate "2010.05.04"]
[SourceQuality "1"]

1. e4 c6 2. d4 d5 3. exd5 cxd5 4. Nf3 Nc6 5. h3 Bf5 6. Bd3 Bxd3 7. Qxd3 e6 8. Bf4 Nf6 9. 0-0 Be7 10. Nbd2 0-0 11. c4 dxc4 12. Nxc4 Qd5 13. a3 Rfd8 14. Rfd1 Qh5 15. Qb3 Nd5 16. Bh2 b6 17. Nfe5 Nxe5 18. Nxe5 Bd6 19. Rac1 Rac8 20. Nc6 Bxh2+ 21. Kxh2 Qg5 22. Qg3 Qxg3+ 23. Kxg3 Rd7 24. Nxa7 Rxc1 25. Rxc1 g6 26. Nb5 Ne7 27. Kf3 Kg7 28. Rc7 Rxc7 29. Nxc7 Nc6 30. d5 exd5 31. Nxd5 b5 32. Ke4 f5+ 33. Kd3 Kf7 34. Kc3 g5 35. b4 g4 36. hxg4 fxg4 37. Nc7 Na7 38. Kd4 Kg6 39. Ke4 h5 40. Kf4 Kf6 41. Nd5+ Kg6 42. Nc3 Kf6 43. Ne4+ Kg6 44. Nd6 Kf6 45. f3 gxf3 46. Kxf3 Ke5 47. Ne4 Kd4 48. Nf6 Nc6 49. Nxh5 Kc3 50. Nf4 Kb3 51. Nd5 Kxa3 52. Nc7 Kxb4 53. Ke4 Kc5 54. Nxb5 Kxb5 55. g4 Kc5 56. Kf5 Kd6 1/2-1/2

[Event "Washington Class-ch A"]
[Site "Redmond"]
[Date "2009.11.29"]
[Round "5"]
[White "Feng, Roland"]
[Black "Leblanc, Paul"]
[Result "0-1"]
[WhiteElo "1764"]
[BlackElo "1816"]
[PlyCount "118"]
[EventDate "2009.11.27"]
[EventType "swiss"]
[EventRounds "6"]
[EventCountry "USA"]
[SourceTitle "EXT 2017"]
[Source "ChessBase"]
[SourceDate "2016.10.25"]
[SourceVersion "1"]
[SourceVersionDate "2016.10.25"]
[SourceQuality "1"]

1. Nf3 d5 2. d4 c6 3. c4 Nf6 4. Nc3 a6 5. e3 b5 6. b3 Bg4 7. Be2 Nbd7 8. h3 Bh5 9. Ne5 Bxe2 10. Qxe2 Qc7 11. Bb2 e6 12. Rc1 Qb7 13. 0-0 Be7 14. f4 b4 15. Nd1 Ne4 16. Kh2 0-0 17. Nf2 Ndf6 18. Nh1 a5 19. g4 Nd7 20. g5 Nxe5 21. dxe5 g6 22. Qg4 dxc4 23. bxc4 Rfd8 24. Rfd1 Rxd1 25. Rxd1 Rd8 26. Rxd8+ Bxd8 27. Qd1 Be7 28. Ng3 Nxg3 29. Kxg3 Qc7 30. Kf2 c5 31. Qf3 Qd7 32. Ke2 Qa4 33. Qa8+ Kg7 34. Qe4 Qxa2 35. Qc2 a4 36. Kd3 a3 37. Bc3 Qxc2+ 38. Kxc2 bxc3 39. Kxc3 Bd8 40. Kb3 Ba5 41. Kxa3 Bd2 42. Ka4 Bxe3 43. Kb5 Kf8 44. Kc6 Ke7 45. h4 Bf2 46. Kb5 Kd7 47. Kb6 Be3 48. Kb5 Kc7 49. h5 gxh5 50. f5 exf5 51. g6 hxg6 52. Ka6 Kc6 53. Ka7 Bd4 54. Ka8 Bxe5 55. Ka7 h4 56. Ka6 h3 57. Ka7 h2 58. Ka6 h1Q 59. Ka5 Qa1# 0-1

[Event "Washington Class-ch A"]
[Site "Redmond"]
[Date "2009.11.29"]
[Round "6"]
[White "Sotaridona, Leonardo"]
[Black "Leblanc, Paul"]
[Result "1-0"]
[WhiteElo "1864"]
[BlackElo "1816"]
[PlyCount "111"]
[EventDate "2009.11.27"]
[EventType "swiss"]
[EventRounds "6"]
[EventCountry "USA"]
[SourceTitle "EXT 2017"]
[Source "ChessBase"]
[SourceDate "2016.10.25"]
[SourceVersion "1"]
[SourceVersionDate "2016.10.25"]
[SourceQuality "1"]

1. e4 c6 2. c4 d5 3. cxd5 cxd5 4. exd5 Qxd5 5. Nc3 Qd8 6. Nf3 Nf6 7. Bb5+ Bd7 8. Bc4 Qc7 9. Qb3 e6 10. d4 Nc6 11. Nb5 Qb6 12. Bf4 Bb4+ 13. Kf1 Rc8 14. Nd6+ Bxd6 15. Bxd6 Nxd4 16. Qxb6 axb6 17. Nxd4 Rxc4 18. Rd1 Ne4 19. b3 Rc8 20. Ba3 f6 21. f3 Nc3 22. Re1 Kf7 23. Nf5 Nb5 24. Bb4 Rhe8 25. Ne3 Nc3 26. Nc4 Bb5 27. Bxc3 Bxc4+ 28. bxc4 Rxc4 29. Bb2 Rd8 30. Bc1 Rc2 31. Be3 Rxa2 32. Rg1 b5 33. Re2 Ra3 34. Kf2 Rdd3 35. Rc1 Rdc3 36. Rxc3 Rxc3 37. Rb2 Rc7 38. f4 Ke7 39. Rxb5 f5 40. Bd4 g6 41. Be5 Rd7 42. Ke2 h5 43. Rc5 Kf7 44. Rc7 Rxc7 45. Bxc7 Ke7 46. Kd3 Kd7 47. Ba5 Kc6 48. Kd4 Kb5 49. Bd2 Ka4 50. Ke5 Kb3 51. Kxe6 Kc2 52. Ba5 Kd3 53. Kf6 Ke4 54. Kxg6 Kxf4 55. Bb6 Kg4 56. Bf2 1-0